من هم الموحدون "الدروز" : (رقم التسجيلة. 6273)

تفاصيل مارك
000 -الفاتح
عناصر البيانات ثابتة الطول 00709cam a2200169 i 4500
005 - تاريخ ووقت آخر معاملة
حقل ضبط 20251208093858.0
008 - عناصر البيانات ثابتة الطول
عناصر البيانات ثابتة الطول 250721s1998 sy gr 000 0 ara d
082 14 - رقم تصنيف ديوي العشري
رقم التصنيف 215.5
رقم المادة ج م ي
100 1# - مدخل رئيسي – اسم شخصي
الاسم الشخصي أبو ترابي، جميل
علاقة الشخص بالعمل/ دوره مؤلف.
245 10 - بيان العنوان
العنوان من هم الموحدون "الدروز" :
بقية العنوان نشأتهم التاريخية ... /
بيان المسؤولية تاليف جميل ابو ترابي ؛ راجعه وقدم له العلامهالدكتور اسعد علي.
264 31 - بيانات النشر، التوزيع…إلخ
مكان النشر، التوزيع...إلخ دمشق :
اسم الناشر، الموزع...إلخ دار علاء للنشر و التوزيع،
تاريخ النشر، التوزيع...إلخ 1998.
300 ## - الوصف المادي
عدد الوحدات المكونة للوعاء 238صفحه.
650 17 - مدخل إضافي بالموضوع - مصطلح موضوعي
مصطلح موضوعي أو اسم جغرافي كعنصر مدخل الدروز.
700 1# - مدخل إضافي - اسم شخصي
علاقة الشخص بالعمل/ دوره رادجعه العلامه الدكتور اسعد علي.
942 ## - بيانات إضافية (كوها)
نوع التنصيف Dewey Decimal Classification
نوع المادة (كوها) كتب
المقتنيات
حالة السحب حالة الفقدان مصدر التصنيف حالة التلف غير قابل للإعارة المكتبة الرئيسية المكتبة الحالية موقع الرف تاريخ التزويد الرقم المتسلسل Total Checkouts رقم الإستدعاء الباركود تاريخ آخر ظهور تاريخ الفاتورة نوع المادة (كوها)
    Dewey Decimal Classification     المكتبة المركزية المكتبة المركزية الإعارة 06/07/2004 278112   215.5 / ج م ي 278112 28/07/2025 06/07/2004 كتب
Implemented & Customized by: BBB with SCIT (Smart Chains for Information Technology)

Powered by Koha